000 01413cam a2200361 a 4500
001 EDZ0000076811
003 StDuBDS
005 20161031105204.0
006 m||||||||d||||||||
007 cr |||||||||||
008 120418s2004 caua fo| 001|0|eng|d
020 _a9781452229560 (ebook) :
_cNo price
040 _aStDuBDS
_beng
_cStDuBDS
_epn
049 _aAlfaisal Main Library
050 0 _aHM851
_b.S655 2004
082 0 4 _a303.4833
_223
245 0 0 _aSociety online
_h[electronic resource] :
_bthe Internet in context /
_cedited by Philip N. Howard, Steve Jones.
260 _aThousand Oaks, Calif. ;
_aLondon :
_bSAGE,
_cc2004.
300 _a1 online resource (xxxiv, 350 p.) :
_bill.
520 8 _a'Society Online' is not exclusively devoted to a particular technology, or specifically the Internet, but to a range of technologies and technological possibilities labelled 'new media'.
521 _aSpecialized.
588 _aDescription based on print version record.
504 _aIncludes bibliographical references and index.
650 0 _aInformation society.
650 0 _aInternet.
655 7 _aElectronic books.
_2local
700 1 _aHoward, Philip N.
700 1 _aJones, Steve,
_d1961-
710 2 _aSage eBooks
776 0 8 _iPrint version :
_z9780761927082
856 4 0 _uhttp://ezproxy.alfaisal.edu/login?url=http://sk.sagepub.com/books/society-online
942 _2lcc
_cEBOOKS
999 _c481272
_d481272